| 000 | 00850cam a22002893a 4500 | ||
|---|---|---|---|
| 001 | 3418 | ||
| 003 | PGUSA | ||
| 005 | 20140828083031.0 | ||
| 008 | 020901s2002||||xxu|||||s|||||000 | eng d | ||
| 040 |
_aPGUSA _beng |
||
| 042 | _adc | ||
| 050 | 4 | _aPR | |
| 100 | 1 |
_aShaw, Bernard, _d1856-1950 |
|
| 245 | 1 | 0 |
_aCaptain Brassbound's Conversion _h[electronic resource] / _cBernard Shaw |
| 260 |
_bProject Gutenberg, _c2002 |
||
| 506 | _aPublic domain in the USA. | ||
| 516 | _aElectronic text | ||
| 653 | _aSelf-actualization (Psychology) -- Drama | ||
| 653 | _aBritish -- Morocco -- Drama | ||
| 653 | _aMan-woman relationships -- Drama | ||
| 653 | _aPirates -- Drama | ||
| 653 | _aRevenge -- Drama | ||
| 653 | _aEnglish drama (Comedy) | ||
| 830 | 0 |
_aProject Gutenberg _v3418 |
|
| 856 | 4 | 0 | _uhttp://www.gutenberg.org/ebooks/3418 |
| 942 | _cEB | ||
| 999 |
_c232747 _d232747 |
||